| 000 | 00366nam a2200133 a 4500 | ||
|---|---|---|---|
| 001 | 5443 | ||
| 003 | CDMR | ||
| 005 | 20130116135308.0 | ||
| 008 | 130130s1974||||||||||||||||||||||||||||d | ||
| 040 |
_aCDMR _bcat _cCDMR |
||
| 245 | 0 |
_aPremio Nacional de Periodismo Juan Mañé y Flaquer _b5ª Edición |
|
| 260 |
_aTarragona _c1974 _bAyuntamiento de Torredembarra |
||
| 942 | _cMON | ||
| 999 |
_c5443 _d5443 |
||